[Event "SRI-chB (Women)"]
[Site "Narahenpita"]
[Date "2017.05.19"]
[Round "6"]
[White "Gunawardana, IMTM"]
[Black "Pasqual, Anuki"]
[Result "1-0"]
[WhiteElo "1579"]
[BlackElo "1553"]
[PlyCount "47"]
[EventDate "2017.05.12"]
[EventType "swiss"]
[EventRounds "10"]
[EventCountry "SRI"]
[SourceTitle "CBM 178 Extra"]
[Source "ChessBase"]
[SourceDate "2017.06.22"]
[SourceVersion "1"]
[SourceVersionDate "2017.06.22"]
[SourceQuality "1"]

1. e4 e5 2. Nc3 Nf6 3. f4 Nc6 4. fxe5 Nxe5 5. d4 Ng6 6. e5 Ng8 7. Nf3 d5 8. Be2 Bf5 9. 0-0 Qd7 10. Ng5 f6 11. Rxf5 fxg5 12. Bg4 Qc6 13. Bxg5 Be7 14. Qf3 Bxg5 15. Rxg5 N8e7 16. Qh3 h6 17. Rxg6 Nxg6 18. Qh5 Ke7 19. e6 Nf8 20. Nxd5+ Qxd5 21. Qxd5 c6 22. Qe5 Rg8 23. Qc7+ Kf6 24. Qf7+ 1-0

[Event "SRI-chB (Women)"]
[Site "Malabe"]
[Date "2015.06.28"]
[Round "9"]
[White "Pasqual, Anuki"]
[Black "Dissanayake, RK Janani"]
[Result "1-0"]
[WhiteElo "1423"]
[BlackElo "1224"]
[PlyCount "47"]
[EventDate "2015.05.19"]
[EventType "swiss"]
[EventRounds "10"]
[EventCountry "SRI"]
[SourceTitle "EXT 2016"]
[Source "ChessBase"]
[SourceDate "2015.10.08"]
[SourceVersion "1"]
[SourceVersionDate "2015.10.08"]
[SourceQuality "1"]

1. e4 c5 2. Nc3 d6 3. f4 g6 4. Nf3 Bg7 5. Bc4 Nc6 6. 0-0 e6 7. d3 Nge7 8. Qe1 0-0 9. Qh4 f6 10. f5 gxf5 11. Bh6 Ng6 12. Qh5 fxe4 13. Nxe4 d5 14. Bxg7 Kxg7 15. Neg5 fxg5 16. Nxg5 Rh8 17. Rf7+ Kg8 18. Rxh7 Nce7 19. Rxh8+ Nxh8 20. Qh7+ Kf8 21. Qxh8+ Ng8 22. Rf1+ Ke7 23. Qg7+ Ke8 24. Qf7# 1-0

[Event "SRI-chB (Women)"]
[Site "Malabe"]
[Date "2015.06.21"]
[Round "6"]
[White "Gamage, Nethmi Nirasha"]
[Black "Pasqual, Anuki"]
[Result "1-0"]
[WhiteElo "1514"]
[BlackElo "1423"]
[PlyCount "91"]
[EventDate "2015.05.19"]
[EventType "swiss"]
[EventRounds "10"]
[EventCountry "SRI"]
[SourceTitle "EXT 2016"]
[Source "ChessBase"]
[SourceDate "2015.10.08"]
[SourceVersion "1"]
[SourceVersionDate "2015.10.08"]
[SourceQuality "1"]

1. d4 Nf6 2. c4 g6 3. Nc3 Bg7 4. e4 d6 5. Nf3 0-0 6. Be2 e5 7. d5 Nbd7 8. Bg5 h6 9. Bh4 a6 10. b4 Qe8 11. Nd2 Nh7 12. f3 Ndf6 13. Bf2 Nh5 14. 0-0 Nf4 15. c5 Nxe2+ 16. Qxe2 Qe7 17. a4 f5 18. Nb3 f4 19. b5 g5 20. c6 b6 21. a5 axb5 22. axb6 Rxa1 23. Rxa1 cxb6 24. Nxb5 Nf6 25. Na7 g4 26. Nxc8 Rxc8 27. Qa6 Qe8 28. Bxb6 gxf3 29. gxf3 Nh7 30. Kf2 Ng5 31. Nd2 Bf6 32. Ke2 Nh3 33. Bf2 Rb8 34. c7 Rc8 35. Qxd6 Nxf2 36. Rg1+ Kf7 37. Kxf2 Bg5 38. Qb6 Qd7 39. d6 Be7 40. Nc4 Bh4+ 41. Ke2 Bf6 42. Qc5 Re8 43. Qd5+ Re6 44. Nb6 Qxd6 45. Qxd6 Rxd6 46. c8Q 1-0